| 000 | 01485cam a2200349Mi 4500 | ||
|---|---|---|---|
| 001 | ocn889178868 | ||
| 005 | 20171107074813.0 | ||
| 008 | 171107s2010 enkab b 001 0 eng d | ||
| 016 | 7 | _a015506141 | |
| 020 | _a9781856178273 | ||
| 020 | _a1856178277 | ||
| 035 | _a(OCoLC)889178868 | ||
| 040 |
_aCo-BoUCM _bspa _cSaul Niño _dSaul Niño |
||
| 041 | 0 | _aspa | |
| 050 | 4 |
_aHT166 _b.P817 2010 |
|
| 245 | 0 | 0 |
_aPublic places - urban spaces _bthe dimensions of urban design _cMathew Carmona, Steve Tiesdell, Tim Heath, Taner Oc |
| 250 | _aSegunda edición | ||
| 260 |
_aLondon _bRoutledge _c2010 |
||
| 300 |
_aix, 394 páginas _bilustraciones, fotografías |
||
| 505 | 0 | _aUrban design today -- Urban change -- Contexts for urban design -- The morphological dimension -- The perceptual dimension -- The social dimension -- The visual dimension -- The functional dimension -- The temporal dimension -- The development process -- The control process -- The communication process -- Holistic urban design. | |
| 546 | _aTexto en inglés | ||
| 650 | 7 |
_aArquitectura del paisaje _99399 _xDiseño |
|
| 650 | 7 |
_aArquitectura _97290 |
|
| 650 | 7 |
_aArquitectura del paisaje urbano _99400 |
|
| 650 | 7 |
_aPlaneación de la ciudad _921617 |
|
| 700 | 1 |
_aCarmona, Matthew _988536 |
|
| 700 | 1 |
_aTiesdell, Steven _988537 |
|
| 700 | 1 |
_aHeath, Tim _988538 |
|
| 700 | 1 |
_aOc, Taner _d1944- _988539 |
|
| 942 |
_2DEWEY _a17 _cLIBRORESER _e1 _h711.4 _mP976u |
||
| 999 |
_c307775 _d307775 |
||